| 000 | nam a22 7a 4500 | ||
|---|---|---|---|
| 999 |
_c30317 _d30317 |
||
| 008 | 190516b xxu||||| |||| 00| 0 eng d | ||
| 020 | _a9789966054142 | ||
| 040 | _amksu | ||
| 050 |
_aHQ 1236.5 _b.K4 2016 |
||
| 100 | _aBiegon,Japhet. | ||
| 245 |
_aGender equality and political processes in Kenya : _bchallenges and prospects / _cJaphet Biegon. |
||
| 300 |
_axii,206p. : _bill. ; _c23cm. |
||
| 504 | _ainclude bibliographic references. | ||
| 650 |
_aWomen _vPolitical activity. |
||
| 650 | _aWomen's rights. | ||
| 650 | _aPolitical participation. | ||
| 942 |
_2lcc _cBOOKS _hHQ 1236.5 .K4 2016 |
||